| 000 | 00733nam a22002770a 4500 | ||
|---|---|---|---|
| 001 | PT26066 | ||
| 003 | AR-LpoUNG | ||
| 005 | 20210131233254.0 | ||
| 008 | 191001s2003||||xxu|||||||||||||||||eng d | ||
| 020 |
_a0786868449 _c$22,6 |
||
| 040 |
_aAR-LpoUNG _bspa _cAR-LpoUNG _eaacr |
||
| 041 | _aeng | ||
| 044 | _axxu | ||
| 082 | 0 | _a501 921syn | |
| 100 | 1 | _aStrogatz, Steven H. | |
| 245 | 1 | 0 |
_aSync : _bthe emerging science of spontaneous order |
| 250 | _a1§ edición | ||
| 260 |
_aNew York : _bHyperion, _c2003. |
||
| 300 |
_aviii, 338 p. : _bil. |
||
| 650 | 4 | _aANALISIS DE SISTEMAS | |
| 650 | 4 | _aCIENCIA | |
| 650 | 4 | _aCIENCIAS DE LA VIDA | |
| 651 | 4 | _aDOCUMENTOS TEORICOS O METODOLOGICOS | |
| 905 | _a26066 | ||
| 942 | _cLIB | ||
| 999 |
_c19825 _d19825 |
||